| 000 | 00699nam a22001937a 4500 | ||
|---|---|---|---|
| 005 | 20250929154125.0 | ||
| 010 | _aB-774906-927 20BACCHEN25 | ||
| 020 |
_a9788197143434 _c395.00 |
||
| 035 | _aB-774906-927 | ||
| 037 | _bI S Publication | ||
| 082 |
_21 _aS |
||
| 100 |
_aSatyarthi, Kailash _985268 |
||
| 245 |
_aSpark Of Compassion/ _cby Kailash Satyarthi |
||
| 260 |
_bI P Publication _c2024 |
||
| 270 | _minfo@ispublication.com | ||
| 300 |
_a59p. _c23cm(pb) |
||
| 942 |
_2ddc _cCH _hS _mSPA |
||
| 999 |
_c209707 _d209707 |
||